<?xml version="1.0" encoding="UTF-8"?>
<collection xmlns="http://www.loc.gov/MARC21/slim">
  <record>
    <leader>00000nam  2200000   4500</leader>
    <controlfield tag="001">INLIS000000000015891</controlfield>
    <controlfield tag="005">20230926113936</controlfield>
    <datafield tag="035" ind1="#" ind2="#">
      <subfield code="a">0010-0923000132</subfield>
    </datafield>
    <controlfield tag="007">ta</controlfield>
    <controlfield tag="008">230926################|##########|#|##</controlfield>
    <datafield tag="084" ind1="#" ind2="#">
      <subfield code="a">R 89 PIM I 2022</subfield>
    </datafield>
    <datafield tag="100" ind1=" " ind2="#">
      <subfield code="a">A.A. Sagung Dian Kartini</subfield>
    </datafield>
    <datafield tag="245" ind1="1" ind2="#">
      <subfield code="a">Penguatan Organisasi Siber Polri Guna Meningkatkan Penegakan Hukum Siber /</subfield>
      <subfield code="c">A.A. Sagung Dian Kartini</subfield>
    </datafield>
    <datafield tag="250" ind1="#" ind2="#">
      <subfield code="a">1</subfield>
    </datafield>
    <datafield tag="260" ind1="#" ind2="#">
      <subfield code="a">Jakarta :</subfield>
      <subfield code="b">Pusbangkom Pimnas dan Manajerial ASN,</subfield>
      <subfield code="c">2022</subfield>
    </datafield>
    <datafield tag="300" ind1="#" ind2="#">
      <subfield code="a">65 halaman :</subfield>
      <subfield code="b">ilus ;</subfield>
      <subfield code="c">30 cm</subfield>
    </datafield>
    <datafield tag="650" ind1="#" ind2="4">
      <subfield code="a">Hukum Siber</subfield>
    </datafield>
    <datafield tag="520" ind1="#" ind2="#">
      <subfield code="a">Di era digital sekarang ini, internet merupakan bagian yang tidak terpisahkan dari kehidupan manusia. Kondisi ini salah satunya terlihat dari kenaikan jumlah pengguna internet di Indonesia. Pada tahun 2018, pengguna internet di Indonesia mencapai 64,8% dari total penduduk Indonesia dan pada tahun 2019-2020 meningkat menjadi 73,7% dari total populasi penduduk Indonesia.&#13;
&#13;
Namun, tidak dapat dipungkiri bahwa seiring dengan peningkatan pengguna internet tersebut, internet juga telah membawa ancaman yang serius bagi kehidupan masyarakat, bangsa dan negara. Meningkatnya kejahatan siber dari tahun ke tahun telah menjadi perhatian serius bagi pemerintah dan Presiden RI, karena hal tersebut tidak hanya mengancam individu tetapi juga organisasi swasta, lembaga pemerintah. Bahkan bila tidak dikelola dengan baik dapat mengancam persatuan dan kesatuan bangsa, keamanan nasional serta kedaulatan negara di mata dunia. Ancaman kejahatan siber tersebut tidak hanya datang dari lokal, melainkan juga dari jaringan kejahatan siber internasional.</subfield>
    </datafield>
    <datafield tag="990" ind1="#" ind2="#">
      <subfield code="a">89</subfield>
    </datafield>
  </record>
</collection>
